| 000 | 01794nam a2200409 c 4500 | ||
|---|---|---|---|
| 003 | BLK | ||
| 005 | 20180422102115.0 | ||
| 008 | 180408b bul|||||r ||||||| ||bul|| | ||
| 010 | _aKNG00061597000 | ||
| 040 | _aBLK | ||
| 041 |
_aBUL _cBUL |
||
| 080 |
_aЛозарство. Лози _b634.8 _x(035) _z634.8(035) |
||
| 100 | 1 |
_aНиков, Митко Маринов _eпърви автор _9252922 |
|
| 700 | 1 |
_aНиков, Митко Маринов _eнауч. ред. _9369541 |
|
| 700 | 1 |
_aЧолаков, Тачо _eнауч. ред. _9287719 |
|
| 700 | 1 |
_aЙонев, Славчо _e* _9287720 |
|
| 700 | 1 |
_aЧолаков, Тачо _e* _9369542 |
|
| 700 | 1 |
_aМаленин, Иван _e* _9287721 |
|
| 700 | 1 |
_aТодоров, Иван _e* _gИванов, Иван Тодоров _9365065 |
|
| 700 | 1 |
_aМонов, Иван _e* _gИванов, Иван Монов _9287722 |
|
| 700 | 1 |
_aИванов, Иван Монов _e* _9287723 |
|
| 139 |
_aСправочник по лозарство _bС 59 |
||
| 245 | 1 | 0 |
_aСправочник по лозарство _cМитко Маринов Ников; науч. ред. Митко Маринов Ников; науч. ред. Тачо Чолаков; * Славчо Йонев; * Тачо Чолаков; * Иван Маленин; * Иван Тодоров; * Иван Монов; * Иван Монов Иванов. |
| 257 | _aBGR | ||
| 260 |
_аПловдив _bХристо Г. Данов _c1983 |
||
| 300 |
_a280 с. _bс ил., табл. _c21 см |
||
| 380 | _a63 | ||
| 500 | _a15 100 тир. | ||
| 650 | 4 |
_aЛозарство - справочници _9287724 |
|
| 653 | _aлозарство | ||
| 653 | _aсправочници | ||
| 852 | _aЦб 120064 | ||
| 856 | 4 |
_qpdf _u |
|
| 856 | 4 |
_qpdf _u |
|
| 942 |
_cKNG _n0 |
||
| 944 |
_aCR _c13.06.2004 _lф / _kЛюдмила_Стоянова |
||
| 944 |
_aED _c04.11.2009 _lф / _k |
||
| 999 |
_c57591 _d57591 |
||